Tiger species - Statistics

General Stats
  • This quiz has been taken 45 times
  • The average score is 5 of 9
Answer Stats
Country Answer % Correct
India,Bangladesh,Bhutan , Nepal Bengal/Indian Tiger
97%
Russia,China,North Korea(possibly) Amur/Siberian Tiger
84%
Cambodia, Laos,Myanmar,Thailand, Vietnam Indo Chinese Tiger
59%
Indonesia Sumatran Tiger
59%
Indonesia(Extinct) Javan Tiger
56%
Turkey, Iran ,Iraq, China(Extinct) Caspian/Turan/ Hyrcanian Tiger
50%
Myanmar,Thailand, Malaysia Malayan Tiger
41%
Indonesia(Extinct) Bali Tiger
38%
China South China Tiger
38%
No matching quizzes found
Score Distribution
Percent of People with Each Score
Percentile by Number Answered
Your Score History
You have not taken this quiz